000 00442nam a2200169 i 4500
001 bg
100 1 _aELSGOLC, L. E.
245 0 _aVvedenie w teoriju differencialnych uravnenij s otklonjajuscimsja argumentom /
_cL.E. Elsgolc, S.B. Workin.
250 _aIzd.2.
260 _aMoskva,
_c1971.
700 1 _aNORKIN, S. B.
040 _cBPK
041 _apol
080 _a517.9
942 _cKS
008 s pl f |000 0 pol
999 _c14246
_d14246
856 _uhttp://koha.tu.koszalin.pl/cgi-bin/koha/opac-detail.pl?biblionumber=14246
_yKatalog online BPK